[Event "Florianopolis op 10th"]
[Site "Florianopolis"]
[Date "2024.01.20"]
[Round "1"]
[White "Santos, Humberto Robson"]
[Black "Frankental, David"]
[Result "1-0"]
[WhiteElo "1322"]
[BlackElo "1939"]
[PlyCount "55"]
[EventDate "2024.01.20"]
[EventType "swiss"]
[EventRounds "10"]
[EventCountry "BRA"]
[SourceTitle "CBM 218 Extra"]
[Source "ChessBase"]
[SourceDate "2024.03.31"]
[SourceVersion "1"]
[SourceVersionDate "2024.03.31"]
[SourceQuality "1"]

1. d4 d5 2. Nc3 Nf6 3. Bg5 Bf5 4. Nf3 Ne4 5. Nxe4 Bxe4 6. e3 h6 7. Bh4 g5 8. Bg3 Bg7 9. Bd3 f5 10. Bxe4 fxe4 11. Ne5 0-0 12. h4 e6 13. hxg5 Qxg5 14. Rh5 Qf6 15. Bh4 Qf5 16. Rxf5 exf5 17. Qh5 Nc6 18. Nd7 Rf7 19. Nc5 b6 20. Ne6 Na5 21. Bg3 c5 22. Nxg7 Rxg7 23. Qxh6 Kf7 24. Be5 Rxg2 25. 0-0-0 c4 26. Qf6+ Ke8 27. Qh8+ Kd7 28. Qxa8 1-0

[Event "Rio de Janeiro Duchamp op 4th"]
[Site "Rio de Janeiro"]
[Date "2022.12.13"]
[Round "8"]
[White "Senger, Maria Clara da Silv"]
[Black "Frankental, David"]
[Result "0-1"]
[WhiteElo "1537"]
[BlackElo "1947"]
[PlyCount "62"]
[EventDate "2022.12.07"]
[EventType "swiss"]
[EventRounds "9"]
[EventCountry "BRA"]
[SourceTitle "EXT 2024"]
[Source "ChessBase"]
[SourceDate "2023.10.10"]
[SourceVersion "1"]
[SourceVersionDate "2023.10.10"]
[SourceQuality "1"]

1. e4 e5 2. Nf3 Nf6 3. Nxe5 d6 4. Nf3 Nxe4 5. d4 d5 6. Bd3 Be7 7. 0-0 0-0 8. c4 Bg4 9. Nc3 Nxc3 10. bxc3 c5 11. Bb2 cxd4 12. cxd4 dxc4 13. Be4 Nd7 14. Qc2 Nf6 15. Bxb7 Rb8 16. Bc6 Qb6 17. Ne5 Qxb2 18. Qxc4 Be2 19. Qa4 Bxf1 20. Rxf1 Qa3 21. Qd1 Qxa2 22. d5 Rfd8 23. Qf3 Rxd5 24. Bxd5 Qxd5 25. Qe2 Bc5 26. Nf3 Ne4 27. h3 Ng3 28. Qc2 Nxf1 29. Kxf1 Rd8 30. Kg1 Qd1+ 31. Qxd1 Rxd1+ 0-1

[Event "Rio de Janeiro Duchamp op 4th"]
[Site "Rio de Janeiro"]
[Date "2022.12.12"]
[Round "7"]
[White "Frankental, David"]
[Black "Mesquita, Arnaldo Leite"]
[Result "0-1"]
[WhiteElo "1947"]
[BlackElo "1732"]
[PlyCount "44"]
[EventDate "2022.12.07"]
[EventType "swiss"]
[EventRounds "9"]
[EventCountry "BRA"]
[SourceTitle "CBM 211 Extra"]
[Source "ChessBase"]
[SourceDate "2023.01.31"]
[SourceVersion "1"]
[SourceVersionDate "2023.01.31"]
[SourceQuality "1"]

1. d4 Nf6 2. c4 e6 3. Nf3 c5 4. e3 d5 5. cxd5 Nxd5 6. Nc3 Nxc3 7. bxc3 Be7 8. Bb5+ Bd7 9. Bxd7+ Nxd7 10. 0-0 0-0 11. e4 Nf6 12. e5 Nd5 13. Qd3 cxd4 14. cxd4 f5 15. exf6 Bxf6 16. Qb3 Qb6 17. Qxb6 axb6 18. Re1 Rfe8 19. Bd2 Ra4 20. Re4 Kf7 21. Bf4 Rea8 22. Be5 Rxa2 0-1

[Event "FISU World University"]
[Site "Tornelo INT"]
[Date "2020.10.28"]
[Round "8.35"]
[White "Frankental, David"]
[Black "Kottahachchi, AS."]
[Result "1-0"]
[WhiteElo "1938"]
[BlackElo "1400"]
[PlyCount "97"]
[EventDate "2020.10.26"]
[EventType "team-swiss (rapid)"]
[EventRounds "9"]
[EventCountry "NET"]
[SourceTitle "CBM 199 Extra"]
[Source "ChessBase"]
[SourceDate "2021.01.31"]
[SourceVersion "1"]
[SourceVersionDate "2021.01.31"]
[SourceQuality "1"]
[WhiteTeam "Brazil IV"]
[BlackTeam "Sri Lanka V"]
[WhiteTeamCountry "BRA"]
[BlackTeamCountry "SRI"]

1. d4 Nf6 2. c4 g6 3. Nc3 Bg7 4. e4 d6 5. Be2 0-0 6. Be3 e5 7. d5 a5 8. g4 Na6 9. g5 Ne8 10. h4 f5 11. gxf6 Nxf6 12. Qd2 Qe7 13. 0-0-0 Nc5 14. f3 a4 15. Nh3 a3 16. b3 Nh5 17. Rdg1 Bd7 18. Nf2 Nf4 19. Rg3 Kh8 20. Nd3 Nfxd3+ 21. Bxd3 Rf7 22. Be2 Qf8 23. h5 gxh5 24. Rxh5 b5 25. cxb5 Bf6 26. Rg1 Qe7 27. Kb1 Rg7 28. Bg5 Rag8 29. Bxf6 Qxf6 30. Rxg7 Rxg7 31. Qc1 Qf4 32. Qxa3 Qd2 33. Qc1 Qxc1+ 34. Kxc1 Rg1+ 35. Kd2 Rg2 36. Ke3 Kg7 37. b4 Nb7 38. a4 Kg6 39. Rh1 h5 40. a5 Kg5 41. a6 Nd8 42. a7 Bxb5 43. a8Q h4 44. Qxd8+ Kh5 45. Qh8+ Kg5 46. Qg7+ Kh5 47. Qxg2 Bxe2 48. Qg4+ Kh6 49. Rxh4# 1-0

[Event "FISU World University"]
[Site "Tornelo INT"]
[Date "2020.10.26"]
[Round "1.26"]
[White "Vaculik, Jakub"]
[Black "Frankental, David"]
[Result "1-0"]
[WhiteElo "2147"]
[BlackElo "1938"]
[PlyCount "61"]
[EventDate "2020.10.26"]
[EventType "team-swiss (rapid)"]
[EventRounds "9"]
[EventCountry "NET"]
[SourceTitle "CBM 199 Extra"]
[Source "ChessBase"]
[SourceDate "2021.01.31"]
[SourceVersion "1"]
[SourceVersionDate "2021.01.31"]
[SourceQuality "1"]
[WhiteTeam "Czech Republic"]
[BlackTeam "Brazil IV"]
[WhiteTeamCountry "CZE"]
[BlackTeamCountry "BRA"]

1. a3 d5 2. g3 b6 3. Bg2 Bb7 4. d4 Nf6 5. c4 e6 6. Nc3 Be7 7. cxd5 exd5 8. Nf3 Nbd7 9. Bf4 Nh5 10. Bd2 0-0 11. b4 c5 12. bxc5 bxc5 13. 0-0 Nb6 14. e3 Nf6 15. Na4 c4 16. Ba5 Qe8 17. Nc5 Bxc5 18. dxc5 Na4 19. Rb1 Bc6 20. Nd4 Qd7 21. Qc2 Rfb8 22. Nxc6 Qxc6 23. Qxc4 Qxc5 24. Qxa4 Rxb1 25. Rxb1 h6 26. Bb4 Qc4 27. Qb3 Rb8 28. Qxc4 dxc4 29. Rc1 Rc8 30. Bf1 Nd5 31. Rxc4 1-0

[Event "Recife Arraes Memorial 12th"]
[Site "Recife"]
[Date "2019.08.30"]
[Round "2"]
[White "De Lima, Alexsandro Barros"]
[Black "Frankental, David"]
[Result "1-0"]
[WhiteElo "2235"]
[BlackElo "1920"]
[PlyCount "69"]
[EventDate "2019.08.30"]
[EventType "swiss"]
[EventRounds "6"]
[EventCountry "BRA"]
[SourceTitle "EXT 2020"]
[Source "ChessBase"]
[SourceDate "2019.10.17"]
[SourceVersion "1"]
[SourceVersionDate "2019.10.17"]
[SourceQuality "1"]

1. e4 e5 2. Nf3 Nc6 3. Bb5 a6 4. Ba4 Nf6 5. d3 Be7 6. Bxc6 dxc6 7. Nxe5 Bd6 8. Nf3 0-0 9. h3 Nh5 10. 0-0 Nf4 11. e5 Nxh3+ 12. gxh3 Bxh3 13. exd6 Qxd6 14. Qd2 Qd5 15. Qf4 Rae8 16. Nc3 Qh5 17. Ne4 Bxf1 18. Kxf1 Qh3+ 19. Kg1 Re6 20. Neg5 Rg6 21. Qh4 Rxg5+ 22. Bxg5 Qxf3 23. Qe4 Qh5 24. Bf4 h6 25. Re1 f5 26. Qe5 Qg4+ 27. Kf1 Rf6 28. Re3 Qd1+ 29. Kg2 Rg6+ 30. Rg3 Rxg3+ 31. Bxg3 Qxc2 32. Qe6+ Kh8 33. Be5 Qd2 34. Qxf5 Kg8 35. Qg6 1-0

[Event "Fortaleza Gadelha Memorial"]
[Site "Fortaleza"]
[Date "2019.08.18"]
[Round "6"]
[White "Frankental, David"]
[Black "Mateus, Janete de Alcantara"]
[Result "1-0"]
[WhiteElo "1920"]
[BlackElo "1850"]
[PlyCount "101"]
[EventDate "2019.08.15"]
[EventType "swiss"]
[EventRounds "7"]
[EventCountry "BRA"]
[SourceTitle "CBM 191 Extra"]
[Source "ChessBase"]
[SourceDate "2019.09.30"]
[SourceVersion "1"]
[SourceVersionDate "2019.09.30"]
[SourceQuality "1"]

1. d4 d5 2. c4 e6 3. Nc3 Nf6 4. Nf3 Be7 5. e3 0-0 6. Qc2 Nc6 7. a3 Bd7 8. Bd3 dxc4 9. Bxc4 Ne8 10. e4 Na5 11. Ba2 c5 12. dxc5 Nc6 13. Be3 Bf6 14. 0-0 e5 15. Nd5 Nc7 16. Rfd1 Qc8 17. Nxf6+ gxf6 18. Bh6 Re8 19. Ng5 fxg5 20. Qd2 Ne6 21. Qxd7 Ncd4 22. Bxe6 Rxe6 23. Qxc8+ Rxc8 24. Bxg5 Rg6 25. Be3 Nc2 26. Rac1 Nxe3 27. fxe3 Rg4 28. Rd7 Rb8 29. Rc4 a5 30. h3 Rg6 31. b4 axb4 32. axb4 b5 33. c6 bxc4 34. c7 Rf8 35. b5 Rb6 36. Rd8 Rxb5 37. Rxf8+ Kxf8 38. c8Q+ Kg7 39. Qxc4 Rb6 40. Qc7 Re6 41. Qd8 h6 42. g4 Rg6 43. Kf2 Rf6+ 44. Kg3 Re6 45. Kh4 Rf6 46. Qe7 Re6 47. Qxe6 fxe6 48. Kh5 Kh7 49. g5 hxg5 50. Kxg5 Kg7 51. h4 1-0

[Event "Potiguar-ch Interior"]
[Site "Santa Cruz"]
[Date "2019.05.26"]
[Round "4"]
[White "Macedo, Alexandre Soares"]
[Black "Frankental, David"]
[Result "0-1"]
[WhiteElo "1862"]
[BlackElo "1897"]
[PlyCount "152"]
[EventDate "2019.05.24"]
[EventType "swiss"]
[EventRounds "5"]
[EventCountry "BRA"]
[SourceTitle "CBM 195 Extra"]
[Source "ChessBase"]
[SourceDate "2020.05.31"]
[SourceVersion "1"]
[SourceVersionDate "2020.05.31"]
[SourceQuality "1"]

1. Nf3 Nf6 2. g3 b6 3. Bg2 Bb7 4. 0-0 d5 5. c4 e6 6. cxd5 exd5 7. d4 Be7 8. Nc3 0-0 9. Qc2 Na6 10. a3 Rc8 11. Bh3 Ra8 12. Bg5 c5 13. e3 h6 14. Bxf6 Bxf6 15. Rfd1 cxd4 16. Nxd4 Bxd4 17. Rxd4 Qc7 18. Qd2 Rfd8 19. Rc1 Nc5 20. Qd1 Qe5 21. Bg2 Rd7 22. Rd2 Rad8 23. Qc2 Ne4 24. Nxe4 dxe4 25. Rcd1 Rc8 26. Qb1 Rxd2 27. Rxd2 Qc5 28. h4 Qc1+ 29. Qxc1 Rxc1+ 30. Kh2 Rc7 31. Bh3 Kf8 32. g4 g5 33. Kg3 Ke7 34. Bg2 Rd7 35. Rc2 Ke6 36. hxg5 hxg5 37. Bf1 Ke5 38. b3 Bd5 39. Bb5 Rd8 40. b4 Rb8 41. Rc7 Rb7 42. Rc8 a5 43. Ba6 Ra7 44. b5 Rd7 45. Rb8 Rd6 46. Bb7 f6 47. Bxd5 Kxd5 48. Rc8 Re6 49. Kg2 Kd6 50. Kf1 Kd7 51. Rc4 Kd6 52. Ke2 Kd5 53. Rc8 Ke5 54. Kd2 Rd6+ 55. Kc2 Rd5 56. a4 Rd3 57. Re8+ Kd5 58. Rf8 Ra3 59. Rxf6 Rxa4 60. Rxb6 Ra2+ 61. Kb3 Rxf2 62. Rg6 Kc5 63. Rxg5+ Kb6 64. Re5 Rg2 65. Rxe4 Kxb5 66. Re5+ Kb6 67. g5 Rg1 68. Kc3 Rc1+ 69. Kd4 a4 70. g6 a3 71. Rg5 a2 72. g7 a1Q+ 73. Ke4 Rc4+ 74. Kd3 Qc3+ 75. Ke2 Qc2+ 76. Ke1 Rb4 0-1

[Event "BRA-ch U26"]
[Site "Brasilia"]
[Date "2019.04.23"]
[Round "1"]
[White "Lima, Miguel Gabriel Pest"]
[Black "Frankental, David"]
[Result "0-1"]
[WhiteElo "1806"]
[BlackElo "2151"]
[PlyCount "97"]
[EventDate "2019.04.23"]
[EventType "swiss"]
[EventRounds "7"]
[EventCountry "BRA"]
[SourceTitle "CBM 190 Extra"]
[Source "ChessBase"]
[SourceDate "2019.07.15"]
[SourceVersion "1"]
[SourceVersionDate "2019.07.15"]
[SourceQuality "1"]

1. e4 e5 2. Nf3 Nc6 3. Bb5 a6 4. Bxc6 dxc6 5. 0-0 Bg4 6. Nc3 Qf6 7. d3 Bxf3 8. Qxf3 Qxf3 9. gxf3 Bd6 10. Kh1 Ne7 11. Rg1 Ng6 12. Ne2 c5 13. Rg4 0-0 14. f4 f5 15. exf5 Rxf5 16. Ng3 Rf7 17. f5 Ne7 18. Bh6 Kh8 19. f6 gxh6 20. fxe7 Rxf2 21. Rf1 Rxf1+ 22. Nxf1 Bxe7 23. Ng3 Rf8 24. Kg2 Bg5 25. a4 b6 26. b3 Bf4 27. Ne4 Rg8 28. Rxg8+ Kxg8 29. c4 Kf7 30. Nc3 Ke6 31. h3 c6 32. Kf3 Bd2 33. Ne4 Bb4 34. Kg4 Ba3 35. Kh5 Kf5 36. Kxh6 Kf4 37. Kxh7 Ke3 38. Kg6 Kxd3 39. Kf5 Kc2 40. h4 Bc1 41. h5 Kxb3 42. Kxe5 Kxa4 43. Kf5 Kb4 44. Ng5 a5 45. h6 a4 46. h7 Bb2 47. Nf3 a3 48. Ne5 Bxe5 49. Kxe5 0-1

[Event "Joao Pessoa Fischer Memorial 10th"]
[Site "Joao Pessoa"]
[Date "2019.03.31"]
[Round "5"]
[White "Frankental, David"]
[Black "Lemos, Doriedson"]
[Result "1/2-1/2"]
[WhiteElo "1875"]
[BlackElo "2162"]
[PlyCount "30"]
[EventDate "2019.03.29"]
[EventType "swiss"]
[EventRounds "6"]
[EventCountry "BRA"]
[SourceTitle "CBM 190 Extra"]
[Source "ChessBase"]
[SourceDate "2019.07.15"]
[SourceVersion "1"]
[SourceVersionDate "2019.07.15"]
[SourceQuality "1"]

1. d4 Nf6 2. c4 c5 3. Nf3 g6 4. Nc3 Bg7 5. g3 0-0 6. Bg2 a6 7. 0-0 cxd4 8. Nxd4 Nc6 9. Nxc6 bxc6 10. b3 Qc7 11. Bb2 d6 12. Qd2 Rb8 13. Ne4 Nxe4 14. Bxe4 Bxb2 15. Qxb2 Be6 1/2-1/2

[Event "Joao Pessoa Fischer Memorial 10th"]
[Site "Joao Pessoa"]
[Date "2019.03.29"]
[Round "1"]
[White "De Franca, Rafael Goncalves"]
[Black "Frankental, David"]
[Result "0-1"]
[WhiteElo "1800"]
[BlackElo "1875"]
[PlyCount "52"]
[EventDate "2019.03.29"]
[EventType "swiss"]
[EventRounds "6"]
[EventCountry "BRA"]
[SourceTitle "CBM 190 Extra"]
[Source "ChessBase"]
[SourceDate "2019.07.15"]
[SourceVersion "1"]
[SourceVersionDate "2019.07.15"]
[SourceQuality "1"]

1. d4 d5 2. Bf4 Nf6 3. Nf3 c5 4. e3 Nc6 5. Bd3 cxd4 6. exd4 Bg4 7. c3 e6 8. h3 Bh5 9. Nbd2 Bd6 10. Bxd6 Qxd6 11. 0-0 0-0 12. Qc2 Rac8 13. b4 Nxb4 14. Qb1 Rxc3 15. Ne5 Nxd3 16. Nxd3 Bg6 17. Rc1 Rxc1+ 18. Qxc1 Bxd3 19. Qc3 Bg6 20. Re1 Ne4 21. Qb2 Nxd2 22. Qxd2 Rc8 23. Qb2 Qc6 24. f4 Qc3 25. Qxc3 Rxc3 26. Kh2 Be4 0-1

[Event "Brasilia Terraviva op"]
[Site "Brasilia"]
[Date "2019.01.12"]
[Round "4"]
[White "Frankental, David"]
[Black "Souza, Iago Henrique Da Si"]
[Result "1/2-1/2"]
[WhiteElo "1886"]
[BlackElo "2060"]
[PlyCount "92"]
[EventDate "2019.01.10"]
[EventType "swiss"]
[EventRounds "7"]
[EventCountry "BRA"]
[SourceTitle "CBM 188 Extra"]
[Source "ChessBase"]
[SourceDate "2019.02.28"]
[SourceVersion "1"]
[SourceVersionDate "2019.02.28"]
[SourceQuality "1"]

1. d4 e6 2. c4 b6 3. Nf3 Bb7 4. g3 Bb4+ 5. Bd2 Bxf3 6. exf3 Bxd2+ 7. Qxd2 c6 8. d5 exd5 9. cxd5 Qe7+ 10. Be2 Nf6 11. dxc6 dxc6 12. Qe3 Qxe3 13. fxe3 Nbd7 14. Na3 0-0 15. Kf2 Ne5 16. Nc4 Nxc4 17. Bxc4 Rad8 18. Rhd1 Rfe8 19. a4 Kf8 20. b4 Rxd1 21. Rxd1 b5 22. axb5 cxb5 23. Bxb5 Rb8 24. Bc6 Rxb4 25. Ra1 Rb2+ 26. Kg1 Rb6 27. Ba8 a6 28. f4 Ke7 29. Bf3 Nd7 30. Be2 Nc5 31. e4 Kd6 32. Bc4 f6 33. Kg2 Kc6 34. e5 fxe5 35. fxe5 Rb2+ 36. Kf3 Rxh2 37. Bxa6 Kd5 38. Ra5 Kd4 39. Bc8 Nd3 40. e6 Rf2+ 41. Kg4 Re2 42. Kf3 Re3+ 43. Kg2 Re2+ 44. Kf3 Re3+ 45. Kg2 Nc5 46. Ra7 Nxe6 1/2-1/2